000 01058 a2200217 4500
005 2008091006546.0
008 080910t xxu||||| |||| 00| 0 hin d
010 _aHIN-79457
020 _c125.00
035 _aHN-51803
037 _bD.B.Act / pub
082 _a425
100 _aइन्दु प्रकाश सिंह
245 _aसुबोध हिन्दी व्याकरण
_cइन्दु प्रकाश सिंह
246 _aSubod Hindi Vyakaran
260 _aजयपुर
_bपंचशील प्रकाशन
_c2005
270 _aफिल्म कालोनी,चौड़ा रास्ता
_bजयपुर
_e302003
_k0141-2315072
_mpanchsheel_j@sify.com
_l5113854
300 _a368पृ
_c22सेमी (सजिल्द)
942 _adpl
_cHN
_k425 / इन्दुप्र
_2ddc
_h425
_mइन्दुप्र
999 _c2779
_d2779